Catálogo

México en el siglo XX : (Registro nro. 60630)

Detalles MARC
000 -LEADER
fixed length control field 01010nam a2200289 a 4500
001 - CONTROL NUMBER
control field 60630
005 - DATE AND TIME OF LATEST TRANSACTION
control field 20180714061948.0
008 - FIXED-LENGTH DATA ELEMENTS--GENERAL INFORMATION
fixed length control field 140415s1975 mx r 000 0 spa d
020 ## - INTERNATIONAL STANDARD BOOK NUMBER
International Standard Book Number 9685805679 (vol.1)
020 ## - INTERNATIONAL STANDARD BOOK NUMBER
International Standard Book Number 9685805687 (vol.2)
040 ## - CATALOGING SOURCE
Description conventions rda
041 0# - LANGUAGE CODE
Language code of text/sound track or separate title spa
082 0# - DEWEY DECIMAL CLASSIFICATION NUMBER
Classification number 972.082
Item number CON
505 8# - FORMATTED CONTENTS NOTE
Formatted contents note tomo 1. México en el siglo XX. 1900-1913 ─ tomo 2. México en el siglo XX. 1913-1920.
100 1# - MAIN ENTRY--PERSONAL NAME
Personal name Contreras, Mario,
Relator term autor
245 10 - TITLE STATEMENT
Title México en el siglo XX :
Remainder of title textos y documentos /
Statement of responsibility, etc. Mario Contreras - Jesús Tamayo.
250 ## - EDITION STATEMENT
Edition statement Primera edición.
264 #1 - PRODUCTION, PUBLICATION, DISTRIBUTION, MANUFACTURE, AND COPYRIGHT NOTICE
Place of production, publication, distribution, manufacture México, D.F. :
Name of producer, publisher, distributor, manufacturer Universidad Nacional Autónoma de México,
Date of production, publication, distribution, manufacture, or copyright notice 1975-1976
300 ## - PHYSICAL DESCRIPTION
Extent 2 volúmenes (paginación varía) ;
Dimensions 22 cm.
336 ## - CONTENT TYPE
Content type term texto
Source rdacontent
337 ## - MEDIA TYPE
Media type term sin mediación
Source rdamedia
338 ## - CARRIER TYPE
Carrier type term volumen
Source rdacarrier
490 0# - SERIES STATEMENT
Series statement Lecturas Universitarias ;
Volume/sequential designation 22
500 ## - GENERAL NOTE
General note Antología
650 #0 - SUBJECT ADDED ENTRY--TOPICAL TERM
Topical term or geographic name entry element Historia
Geographic subdivision México
Chronological subdivision 1910-1946
700 1# - ADDED ENTRY--PERSONAL NAME
Personal name Tamayo, Jesús,
Relator term autor
Existencias
Withdrawn status Lost status Source of classification or shelving scheme Damaged status Not for loan Collection code Home library Current library Shelving location Date acquired Source of acquisition Inventory number Total Checkouts Full call number Barcode Date last seen Price effective from Koha item type Date last checked out
    Dewey Decimal Classification     General Biblioteca Karol Wojtyla Biblioteca Karol Wojtyla Sala general 16/06/2017 Compra 151000000000000000037956   972.082 CON 1975 91253 05/01/2026 16/06/2017 Libro  
    Dewey Decimal Classification     General Biblioteca Karol Wojtyla Biblioteca Karol Wojtyla Sala general 12/06/2014 Compra 151000000000000000037852   972.082 CON 1975 15221 05/01/2026 16/06/2017 Libro  
Descarte   Dewey Decimal Classification     General Biblioteca Karol Wojtyla Biblioteca Karol Wojtyla Sala general 03/12/2013 Compra     972.082 CON 1975 91384 18/03/2016 16/06/2017 Libro 18/03/2016